載入...
Vikas hand book of botany
| 主要作者: | |
|---|---|
| 格式: | Printed Book |
| 語言: | Undetermined English |
| 出版: |
New Delhi
Vikas publishing house Pvt Ltd
1977
|
| 主題: |
| LEADER | 00705nam a2200181Ia 4500 | ||
|---|---|---|---|
| 008 | 140306s9999 xx 000 0 und d | ||
| 041 | |a eng | ||
| 082 | |a 580 |b SRI/VI | ||
| 100 | |a Srivastava, K.C | ||
| 245 | |a Vikas hand book of botany | ||
| 260 | |a New Delhi |b Vikas publishing house Pvt Ltd |c 1977 | ||
| 300 | |a 462 | ||
| 365 | |b Rs.17.50 | ||
| 650 | |a Paleobotany | ||
| 942 | |2 ddc |c BK | ||
| 999 | |c 117158 |d 117158 | ||
| 952 | |0 0 |1 0 |2 ddc |4 0 |6 580_000000000000000_SRIVI |7 0 |9 115987 |a KAUHCV |b KAUHCV |d 2004-04-29 |g 17.50 |o 580 SRI/VI |p KAU_HCV-9187 |r 2014-03-22 |w 2014-03-22 |y BK | ||
| 952 | |0 0 |1 0 |2 ddc |4 0 |6 580_000000000000000_SRIVI |7 0 |9 115988 |a KAUHCV |b KAUHCV |d 2004-04-29 |g 17.50 |o 580 SRI/VI |p KAU_HCV-9188 |r 2014-03-22 |w 2014-03-22 |y BK | ||